Các nhân vật lịch sử trung đại; T2 Pháp: Clovis, Charlemagne, Jeanne d'Arc

Bewaard in:
Bibliografische gegevens
Hoofdauteur: Lê Vinh Quốc
Formaat: Boek
Taal:Undetermined
Gepubliceerd in: Hà Nội Giáo Dục 1997
Onderwerpen:
Tags: Voeg label toe
Geen labels, Wees de eerste die dit record labelt!
Thư viện lưu trữ: Trung tâm Học liệu Trường Đại học Cần Thơ
LEADER 00612nam a2200181Ia 4500
001 CTU_29723
008 210402s9999 xx 000 0 und d
082 |a 920 
082 |b C101p 
100 |a Lê Vinh Quốc 
245 0 |a Các nhân vật lịch sử trung đại; T2 
245 0 |b Pháp: Clovis, Charlemagne, Jeanne d'Arc 
245 0 |c Lê Vinh Quốc, Lê Phụng Hoàng 
260 |a Hà Nội 
260 |b Giáo Dục 
260 |c 1997 
650 |a world history,france - history,history - biography,middle ages - history 
980 |a Trung tâm Học liệu Trường Đại học Cần Thơ